Fenomenología y praxis

Saved in:
Bibliografiske detaljer
Hovedforfatter: Desanti, Jean T. (Author)
Format: Bog
Sprog:spansk
Udgivet: Buenos Aires Ediciones Calden 1970
Udgivelse:1a. ed
Serier:Colección el Hombre y su Mundo, 8
Fag:
Tags: Tilføj Tag
Ingen Tags, Vær først til at tagge denne postø!

MARC

LEADER 00000cam a2200000 a 4500
001 UCE3208
003 CL-VaPUC
008 140821e19700000ag |||||||||||||||||spa|d
082 0 4 |a 142.7  |b DES  |2 21 
100 0 |a Desanti, Jean T.  |e author  |9 575717 
245 1 0 |a Fenomenología y praxis 
250 |a 1a. ed 
300 |a 186 p 
942 |c BK 
945 |d 20140821 14:35:00  |a arojas 
260 |a Buenos Aires  |b Ediciones Calden  |c 1970 
600 0 |a Husserl, Edmund   |d 1859-1938  |9 575718 
650 0 |a Fenomenología  |9 256519 
583 |a last modification  |c 20140821 14:35:00  |k Rodrigo Vera 
490 0 |a Colección el Hombre y su Mundo, 8 
999 |c 356631  |d 356629 
952 |0 0  |1 0  |3 erb  |4 0  |6 142_700000000000000_DES_1970  |7 0  |8 A  |9 464088  |a BIBEDU  |b BIBEDU  |i 5002761  |o 142.7 DES 1970  |p 5002761  |r 2019-11-23  |w 2019-11-23  |y BK  |z Catalogado en:20140821  |k FIL